Σπουδαί - Spoudai / Βραβείο Ακαδημίας Αθηνών - An Academy of Athens Award (Record no. 9190)
[ view plain ]
| 000 -LEADER | |
|---|---|
| fixed length control field | 01723cam a22001814a 4500 |
| 005 - ΗΜΕΡΟΜΗΝΙΑ ΚΑΙ ΩΡΑ ΤΕΛΕΥΤΑΙΑΣ ΕΝΗΜΕΡΩΣΗΣ | |
| Πεδίο ελέγχου | 20250605164355.0 |
| 008 - FIXED-LENGTH DATA ELEMENTS--GENERAL INFORMATION | |
| Πεδίο ελέγχου σταθερού μήκους | 250528s ||||||||||||||||||||||||d |
| 035 ## - SYSTEM CONTROL NUMBER | |
| System control number | 24300 |
| 040 ## - ΠΗΓΗ ΚΑΤΑΛΟΓΟΓΡΑΦΗΣΗΣ | |
| Φορέας πρωτότυπης καταλογογράφησης | MC Athens Campus Library |
| Γλώσσα καταλογογράφησης | Ελληνικά, Μοντέρνα (1453-) |
| Modifying agency | MC Athens Campus Library |
| Κανόνες περιγραφικής καταλογογράφησης | AACR2 |
| 245 1# - ΤΙΤΛΟΣ ΚΑΙ ΔΗΛΩΣΗ ΥΠΕΥΘΥΝΟΤΗΤΑΣ | |
| Τίτλος | Σπουδαί - Spoudai / Βραβείο Ακαδημίας Αθηνών - An Academy of Athens Award |
| 260 ## - PUBLICATION, DISTRIBUTION, ETC. | |
| Name of publisher, distributor, etc. | Επτάλοφος, |
| Date of publication, distribution, etc. | 2008 |
| 300 ## - PHYSICAL DESCRIPTION | |
| Extent | 336 |
| 520 ## - SUMMARY, ETC. | |
| Summary, etc. | The Measurement of Share Price Volatility in the Athens Stock Exchange, The Use of Websites as a Strategic Communicative Tool of E-Governance: In Depth Study of the Greek Case, Corporate Social Responsibility: Contribution to Sustainable Development and to Effective Management of European Enterprises, Interdependence Between U.S. and E.U. Goods and Money and Foreign Markets and Spilover Effects, Stock Index Futures and Trading Volume and Open Interest: Random Walk and Forecasting in ADEX, A Multiobjective Genetic Algorithm for Portfolio Selection with Integer Constraints, Empirical Investigation of the Impact of Mergers and Acquisitions on Stock Prices of Greek Companies Operating in the Greek Stock Exchange, An Analysis of the Market Reaction on Ex-Dividend Days: The Case of the Athens Stock Exchange, International Migration from Albania: Evidence from Wave 2 of the Albanian Living Standards Measurement Survey, Target Capital Structure and Acquisition Choices: Evidence from the Greek Market, Bird Strikes Risk Policy Strategies: Proposal for a Risk Classification Scheme, Regional Hierarchies and the Location of Hi Tech MNEs: The Case of the Pharmaceutical Industry in the UK. |
| 700 1# - ΠΡΟΣΘΕΤΗ ΑΝΑΓΡΑΦΗ--ΦΥΣΙΚΟ ΠΡΟΣΩΠΟ | |
| Personal name | Αγιακόγλου Χρήστος |
| 9 (RLIN) | 9446 |
| 942 ## - ADDED ENTRY ELEMENTS (KOHA) | |
| Koha item type | Περιοδικά Δημοσιεύματα |
| Τύπος τεκμηρίου | Βιβλιοθήκη | Τρέχουσα τοποθεσία | Barcode | Ημερομηνία απόκτησης | Ταξιθετικό σύμβολο | Αριθμός αντιτύπου | Αρίθμηση σειρών / χρονολογία | Κατάσταση απόσυρσης | Κατάσταση χαμένου | Κατάσταση κατεστραμμένου | Μη δανεισμός | Σύνολο δανεισμών | Ημερομηνία τελευταίας εμφάνισης | Η τιμή ισχύει από |
|---|---|---|---|---|---|---|---|---|---|---|---|---|---|---|
| Περιοδικά Δημοσιεύματα | MC Athens Campus Library | MC Athens Campus Library | 9780000091895 | 05/06/2025 | ΣΠΟΥΔΑΙ | 1 | 58 | 05/06/2025 | 05/06/2025 |